[Event "GER-ch U25-C"]
[Site "Willingen"]
[Date "2023.05.28"]
[Round "1"]
[White "Hendricks, Ole"]
[Black "Nehrukumar, Snikitha"]
[Result "1-0"]
[WhiteElo "1263"]
[BlackElo "984"]
[PlyCount "77"]
[EventDate "2023.05.27"]
[EventType "swiss"]
[EventRounds "9"]
[EventCountry "GER"]
[SourceTitle "CBM 214 Extra"]
[Source "ChessBase"]
[SourceDate "2023.07.31"]
[SourceVersion "1"]
[SourceVersionDate "2023.07.31"]
[SourceQuality "1"]

1. e4 e5 2. Nf3 Nc6 3. Bc4 Bc5 4. c3 Nf6 5. d4 d5 6. exd5 Nxd5 7. dxc5 0-0 8. Qxd5 Bd7 9. 0-0 Re8 10. Qxf7+ Kh8 11. Ng5 Re7 12. Qf3 Qe8 13. Nf7+ Rxf7 14. Qxf7 Qxf7 15. Bxf7 Rf8 16. Bb3 h6 17. Be3 Na5 18. Nd2 Bf5 19. Nf3 e4 20. Nd4 Bd7 21. Rad1 Be8 22. Ne6 Rf6 23. Rd8 Kh7 24. Rxe8 Nc6 25. Nf8+ Kh8 26. Nd7+ Kh7 27. Nxf6+ Kg6 28. Ng4 Kh7 29. Bd5 Na5 30. Rd1 Kg6 31. Bxe4+ Kf7 32. Ra8 a6 33. Rc8 Nc4 34. Bd5+ Kg6 35. Bxc4 Kh7 36. Bd3+ g6 37. Rxc7+ Kh8 38. Bxg6 Kg8 39. Rd8# 1-0

[Event "GER-ch U25-C"]
[Site "Willingen"]
[Date "2023.05.28"]
[Round "2"]
[White "Nehrukumar, Snikitha"]
[Black "Kulgemeyer, Justus"]
[Result "0-1"]
[WhiteElo "984"]
[BlackElo "1106"]
[PlyCount "118"]
[EventDate "2023.05.27"]
[EventType "swiss"]
[EventRounds "9"]
[EventCountry "GER"]
[SourceTitle "CBM 214 Extra"]
[Source "ChessBase"]
[SourceDate "2023.07.31"]
[SourceVersion "1"]
[SourceVersionDate "2023.07.31"]
[SourceQuality "1"]

1. e4 c5 2. Nf3 e6 3. Bc4 Nc6 4. Nc3 Qc7 5. d4 cxd4 6. Nxd4 a6 7. Be2 b5 8. Nxc6 Qxc6 9. Bf3 Qc7 10. 0-0 Bb7 11. Be3 Nf6 12. e5 b4 13. exf6 bxc3 14. bxc3 gxf6 15. Rb1 Bxf3 16. Qxf3 Qc8 17. Qxf6 Rg8 18. Bd4 Qc6 19. g3 h5 20. Rb6 Qd5 21. h4 Be7 22. Qf4 Rg4 23. Qe5 Qxe5 24. Bxe5 Bxh4 25. Rfb1 f5 26. Kh2 Be7 27. f3 Rg6 28. Bd6 Bxd6 29. Rxd6 Ke7 30. Rbd1 Rc8 31. Rxd7+ Kf6 32. f4 Rxc3 33. R1d2 Rcxg3 34. c4 Rc3 35. Rc7 Rg4 36. Rd8 Rxf4 37. Rf8+ Ke5 38. Rc5+ Kd4 39. Rc7 Rf2+ 40. Kg1 Rxa2 41. Rd7+ Ke4 42. Rd1 Rxc4 43. Re1+ Kf4 44. Rf1+ Ke5 45. Re1+ Kd6 46. Rd1+ Ke7 47. Rfd8 h4 48. R1d7+ Kf6 49. Rf8+ Ke5 50. Rd1 h3 51. Rh8 Rc3 52. Re1+ Kf4 53. Rf1+ Kg5 54. Rg8+ Kf6 55. Rh8 Kg7 56. Rh4 e5 57. Rxf5 h2+ 58. Kh1 Rc1+ 59. Rf1 Rxf1# 0-1